|
|
|
|
| LEADER |
00777 a2200193 4500 |
| 020 |
|
|
|a 9781138719040
|
| 082 |
|
|
|a 333.72
|b Q7
|
| 245 |
|
|
|a The nature state:
|b rethinking the history of conservation/i
|c Ed.by Wilko Graf Von Hardenberg[et al...]
|
| 260 |
|
|
|b Routledge,
|a London:
|c 2017.
|
| 300 |
|
|
|a 227p.
|
| 650 |
|
|
|a Land conservation
|9 192234
|
| 650 |
|
|
|a Land protection
|9 192235
|
| 700 |
|
|
|a Kelly ,Matthew,Ed
|9 192236
|
| 700 |
|
|
|a Waklid,Emily,Ed
|9 192237
|
| 700 |
|
|
|a Leal, Cladia,Ed
|9 192238
|
| 856 |
|
|
|u https://www.google.co.in/books/edition/The_Nature_State/i2bYAQAACAAJ?hl=en
|
| 942 |
|
|
|c BK
|
| 999 |
|
|
|c 160179
|d 160175
|
| 952 |
|
|
|0 0
|1 0
|4 0
|5 1
|6 333_720000000000000_Q7
|7 0
|9 158669
|a MGUL
|b MGUL
|c PROC
|d 2018-10-01
|e Current Books
|g 6461.09
|l 0
|o 333.72 Q7
|p 61200
|r 2018-10-01
|w 2018-10-01
|y BK
|